000 00572nam a2200217Ia 4500
003 OSt
005 20220928144331.0
006 a|||||r|||| 00| 0
007 ta
008 220927b |||||||| |||| 00| 0 eng d
024 _a65146
037 _cTextual
040 _aSDCL
_cSDCL
_beng
041 _2eng
_aeng
082 _aX:72, L1
100 _aBailey Martin J
245 0 _aNational income and the price level
_b A study in macroeconomic theory.Ed2
260 _c1971
942 _hX:72, L1
_cTEXL
_2CC
999 _c827126
_d827126